Анини приказки (Запис номер 101576)
[ съкратено ]
| 000 -Лидер | |
|---|---|
| Контролно поле с фиксирана дължина | 01012nam a2200289 c 4500 |
| 003 - Код на организацията, давaща контролен номер | |
| Контролно поле | BLK |
| 005 - Дата и час на последна редакция | |
| Контролно поле | 20230404030332.0 |
| 008 - Елементи от данни с фиксирана дължина | |
| fixed length control field | 180409b bul|||||r ||||||| ||bul|| |
| 010 ## - Наследен системен номер | |
| LC control number | KNG00106626000 |
| 020 ## - Международен стандартен номер на книга ISBN | |
| Международен стандартен номер на книга ISBN | 954-491-064-6 |
| -- | издат.: Жанет 45 |
| 040 ## - Източник на каталожния запис | |
| Идентификатор на билиотеката - собственик на записа | BLK |
| 041 ## - Код за език | |
| Код за езика на текст/звукозапис или на отделно заглавие | Български |
| Код за езика КДБФ | Български |
| 080 ## - УДК | |
| Текстов определител УДК | Българска литература |
| УДК код - определител по УДК | 821.163.2 |
| УДК определител | -93-1 |
| УДК - код + определител | 821.163.2-93-1 |
| 100 1# - Редна дума - Автор | |
| Автор | Цанев, Стефан Неделчев |
| Дати, свързани с автора | 1936- |
| Автор - информация (биография) | Писател, поет, драматург. |
| R(LIN) | 364639 |
| 139 ## - Редно поле | |
| Редна дума | Цанев, Стефан Неделчев |
| Авторски знак | Цан - Ц 16 |
| 245 10 - Сведения за заглавието | |
| Заглавие | Анини приказки |
| Подзаглавни данни | Поеми за деца |
| Редно поле (дума) | Стефан Неделчев Цанев; худож. Чавдар Щипков. |
| 257 ## - Страна на издаване | |
| Страна на създаване/издаване | България |
| 260 ## - Област на издателските данни | |
| -- | Пловдив |
| Име на издателя, разпространителя и проч. | Жанет 45 |
| Година на издаване | 2000 |
| 300 ## - Физическа характеристика | |
| Страници | 52 с. |
| Илюстрации и др. | с цв. ил |
| Размери/Мащаб | 21Х25 см |
| 380 ## - Жанр | |
| Жанр | Детска худож. лит. |
| 700 1# - Други автори (авторска отговорност) | |
| Лично име | Щипков, Чавдар |
| Автороска отговорност (Описва отношението между автора и произведението) | худож. |
| 9 (RLIN) | 144645 |
| 852 ## - Местоположение | |
| Форматна сигнатура | Цб 215115 |
| 856 4# - Електронен адрес и достъп | |
| Електронен формат | pdf - файл |
| Път до файла /url/ | |
| 856 4# - Електронен адрес и достъп | |
| Електронен формат | pdf - файл |
| Път до файла /url/ | |
| 942 ## - АРТИКУЛИ | |
| Вид на библиотечния материал | Книги |
| Скрит в OPAC | Не |
| Koha issues (borrowed), all copies | 2 |
| 944 ## - СЪЗДАВАНЕ И РЕДАКЦИЯ на ЗАПИСА | |
| Създаване/Редакция | Създаване |
| Дата на регистрацията/редакция | 01.01.2000 |
| Служител, извършил регистрацията/редакцията | |
| 944 ## - СЪЗДАВАНЕ И РЕДАКЦИЯ на ЗАПИСА | |
| Създаване/Редакция | Редакция |
| Дата на регистрацията/редакция | 17.06.2003 |
| Служител, извършил регистрацията/редакцията | |
| 999 ## - СИСТЕМНИ КОНТРОЛНИ НОМЕРА | |
| Koha biblionumber | 101576 |
| Koha biblioitemnumber | 101576 |
| Код за отписване | Код за изгубен артикул | Код за повреда | Коз за рестрикции | Код за отдаване | Артикулен № | Име на библиотеката - собственик | Име на библиотеката, в която се намира в момента | Статус (Текущо местоположение) | Дата на вписване в системата | Местоположение - отдел | Цена в лева | Инвентарен номер | Систематично азбучна сигнатура | Баркод | Номер на екземпляра | Цена в евро | Служебна бележка | Служебен тип на артикула | Източник на класификационната схема |
|---|---|---|---|---|---|---|---|---|---|---|---|---|---|---|---|---|---|---|---|
| Изтеглен | Не е изгубен | Не е повреден | без рестрикции | заемане за дома | 163663 | Регионална библиотека "Любен Каравелов" Русе | Регионална библиотека "Любен Каравелов" Русе | Детски отдел | 2003-06-16 | Детски отдел | 4.00 | 120000676755 | ДХ 886.7/Ц 16 | 120000676755 | 1 | 2.05 | Дост: Pk Вид: Ф N: 15579 Дата: 12.06.2003 Дата инв: 05.08.2015 Бележки инв: Д2015 | Книги | |
| Не е изгубен | Не е повреден | без рестрикции | заемане за дома | 163664 | Регионална библиотека "Любен Каравелов" Русе | Регионална библиотека "Любен Каравелов" Русе | Детски отдел | 2003-06-16 | Детски отдел | 4.00 | 120000676756 | ДХ 886.7/Ц 16 | 120000676756 | 2 | 2.05 | Дост: Pk Вид: Ф N: 15579 Дата: 12.06.2003 Дата инв: 07.10.2015 Бележки инв: Д2015 | Книги | Universal Decimal Classification | |
| Не е изгубен | Не е повреден | без рестрикции | заемане за дома | 163665 | Регионална библиотека "Любен Каравелов" Русе | Регионална библиотека "Любен Каравелов" Русе | Детски отдел | 2003-06-16 | Детски отдел | 4.00 | 120000676757 | ДХ 886.7/Ц 16 | 120000676757 | 3 | 2.05 | Дост: Pk Вид: Ф N: 15579 Дата: 12.06.2003 Дата инв: 07.10.2015 Бележки инв: Д2015 | Книги | ||
| Не е изгубен | Не е повреден | без рестрикции | заемане за дома | 163666 | Регионална библиотека "Любен Каравелов" Русе | Регионална библиотека "Любен Каравелов" Русе | Детски отдел | 2003-06-16 | Детски отдел | 4.00 | 120000676759 | ДХ 886.7/Ц 16 | 120000676759 | 4 | 2.05 | Дост: Pk Вид: Ф N: 15579 Дата: 12.06.2003 Дата инв: 07.10.2015 Бележки инв: Д2015 | Книги |